Religion Quiz

Random Religion or Letter Quiz
Score 0/81 Timer 05:00
1 Play Today
Pope Name % Correct
John Paul
95.9%
John
92.5%
Paul
87.9%
Pius
85.9%
Agapetus
83.1%
Sisinnius
79.5%
Peter
77.1%
Anastasius
76.6%
Marcellinus
76.2%
Julius
75.1%
Benedict
75.1%
Simplicius
74.6%
Liberius
73.7%
Cornelius
73.7%
Marinus
73.7%
Francis
73.6%
Lucius
73.5%
Hilarius
73.4%
Siricius
73.3%
Honorius
73.2%
Dionysius
73.1%
Gelasius
73%
Silverius
72.8%
Eusebius
72.3%
Marcellus
72.2%
Pelagius
72.2%
Sergius
72.1%
Pope Name % Correct
Caius
71.5%
Vigilius
71.5%
Anacletus
70.7%
Martin
69.4%
Valentine
69.3%
Constantine
66.5%
Anicetus
65.6%
Mark
65%
Callixtus
64.8%
Adeodatus
64.6%
Sixtus
64.2%
Evaristus
62.4%
Anterus
60.5%
Celestine
59.7%
Sylvester
57.2%
Eleuterus
56.8%
Romanus
56%
Alexander
55.5%
Severinus
54.9%
Linus
54.7%
Innocent
51.9%
Zephyrinus
51.6%
Telesphorus
50.7%
Donus
50.1%
Hyginus
48.4%
Adrian
48.2%
Clement
48%
Pope Name % Correct
Vitalian
47.1%
Pontian
47.1%
Eutychian
46.4%
Sabinian
46.2%
Fabian
45.9%
Leo
45.3%
Urban
45.2%
Soter
44.4%
Agatho
44.4%
Damasus
43.4%
Conon
42.2%
Zosimus
42%
Lando
41.4%
Stephen
39.4%
Gregory
39.4%
Victor
39.2%
Zachary
38.7%
Formosus
36.3%
Theodore
35.2%
Nicholas
34%
Miltiades
31.2%
Boniface
28.8%
Paschal
26.4%
Symmachus
25.3%
Felix
24.1%
Eugene
23.2%
Hormisdas
22.2%
Remove Ads.
Support Sporcle.
Get the best of Sporcle when you Go Orange. This ad-free experience offers more features, more stats, and more fun while also helping to support Sporcle. Thank you for becoming a member.

You're not logged in!

Compare scores with friends on all Sporcle quizzes.
OR
Log In

Sporcle TV

Today on Sporcle TV


Watch our educational content, quiz creation guides, and fun videos on Sporcle TV.

Show Comments

Extras

Top Quizzes Today


Score Distribution

Paid Content

Your Account Isn't Verified!

In order to create a playlist on Sporcle, you need to verify the email address you used during registration. Go to your Sporcle Settings to finish the process.

Report this User

Report this user for behavior that violates our Community Guidelines.

Details: